|
|
|
|
| LEADER |
00000ny a22000003n 4500 |
| 005 |
20110523125115.0 |
| 008 |
100324s be 000 0 fre d |
| 020 |
|
|
|a 9782930287669
|
| 035 |
|
|
|a 2386
|
| 040 |
|
|
|a BUS
|d vLex
|
| 090 |
|
|
|c 150
|d 150
|
| 100 |
1 |
|
|a De Wolf, Patrick
|
| 245 |
1 |
0 |
|a Droit des affaires
|h [Recurso electrn̤ico]
|b Actualitš et perspectives /
|c Patrick De Wolf ; Michel De Wolf
|
| 256 |
|
|
|a Servicio en ln̕ea
|
| 260 |
|
|
|a Bľgica :
|b Edipro,
|c 2006
|
| 300 |
|
|
|a v.
|
| 506 |
1 |
|
|a Contenido solo disponible en los productos indicados
|d vLex Global
|d vLex Global (Academic Edition, excluding Law Schools)
|d vLex Global (U.S. Academic Edition, Law Schools)
|d vLex Global (U.S. Academic Edition, excluding Law Schools)
|d vLex Global (Academic Edition, Law Schools)
|
| 650 |
0 |
4 |
|a Derecho de los negocios
|z Francia
|
| 700 |
1 |
|
|a Wolf, Michel de
|
| 740 |
0 |
|
|a vLex Libros (Servicios en ln̕ea)
|
| 856 |
4 |
0 |
|z Acceso restringido
|u http://vlex.com/source/droit-affaires-actualites-perspectives-2386
|
| 942 |
|
|
|c BOOK
|
| 999 |
0 |
|
|a Law
|b Bľgica
|